Developmental reading 1 : (Record no. 83247)

MARC details
000 -LEADER
fixed length control field 00872nam a22002417a 4500
003 - CONTROL NUMBER IDENTIFIER
control field URS
005 - DATE AND TIME OF LATEST TRANSACTION
control field 20250630095528.0
020 ## - INTERNATIONAL STANDARD BOOK NUMBER
International Standard Book Number 9789710161317 (pbk.)
040 ## - CATALOGING SOURCE
Description conventions rda
Transcribing agency URS
Language of cataloging English
050 ## - LIBRARY OF CONGRESS CALL NUMBER
Classification number LB2395
Item number .Sa59 2013
100 ## - MAIN ENTRY--PERSONAL NAME
Personal name Santos, Myrna Cruz,
Relator term author.
245 ## - TITLE STATEMENT
Title Developmental reading 1 :
Remainder of title from theory and principles to application and practice /
Statement of responsibility, etc Myrna Cruz-Santos and Mildred Manabat-Crisostomo.
264 ## - PUBLICATION, DISTRIBUTION, ETC. (IMPRINT)
Place of publication, distribution, etc Malabon City :
Name of publisher, distributor, etc Jimczyville Publications,
Date of publication, distribution, etc ©2013.
300 ## - PHYSICAL DESCRIPTION
Extent vi, 204 [9] pages ;
Dimensions 23 cm.
336 ## - CONTENT TYPE
Content type term text
Content type code txt
Source rdacontent
337 ## - MEDIA TYPE
Media type term unmediated
Media type code n
Source rdamedia
338 ## - CARRIER TYPE
Carrier type term volume
Carrier type code nc
Source rdacarrier
504 ## - BIBLIOGRAPHY, ETC. NOTE
Bibliography, etc Includes bibliographical references.
650 #0 - SUBJECT ADDED ENTRY--TOPICAL TERM
Topical term or geographic name as entry element Reading (Higher education).
650 #0 - SUBJECT ADDED ENTRY--TOPICAL TERM
Topical term or geographic name as entry element Reading (Higher education)
General subdivision Textbooks.
9 (RLIN) 6224
700 ## - ADDED ENTRY--PERSONAL NAME
Personal name Crisostomo, Mildred Manabat,
Relator term author.
9 (RLIN) 6225
942 ## - ADDED ENTRY ELEMENTS (KOHA)
Source of classification or shelving scheme Library of Congress Classification
Koha item type Filipiniana
Holdings
Withdrawn status Lost status Source of classification or shelving scheme Damaged status Not for loan Collection code Home library Current library Shelving location Date acquired Source of acquisition Total Checkouts Full call number Barcode Date last seen Copy number Koha item type
    Library of Congress Classification     Non-fiction Taytay College Library Taytay College Library Filipiniana Section 06/16/2014 Donation   LB2395 .Sa59 2013 URSTAY-4022 06/30/2025 1 Filipiniana

University of Rizal System
Email us at univlibservices@urs.edu.ph

Visit our Website www.urs.edu.ph/library